书目信息 |
| 题名: |
建筑工程施工组织与概预算
|
|
| 作者: | 赵玉彬 主编 | |
| 分册: | ||
| 出版信息: | 武汉 华中科技大学出版社 2008.10 |
|
| 页数: | 15, 249页 | |
| 开本: | 20cm | |
| 丛书名: | 建筑工程技术与管理简明问答实用丛书 | |
| 单 册: | ||
| 中图分类: | TU721-44 | |
| 科图分类: | ||
| 主题词: | 建筑工程--jian zhu gong cheng--施工组织--问答 , 建筑预算定额--jian zhu yu suan ding e--问答 , 建筑概算定额--jian zhu gai suan ding e--问答 | |
| 电子资源: | ||
| ISBN: | 978-7-5609-4885-0 | |
| 000 | 01130nam 2200289 450 | |
| 001 | 012009755728 | |
| 005 | 20090112110313.10 | |
| 010 | @a978-7-5609-4885-0@dCNY16.00 | |
| 100 | @a20090112d2008 em y0chiy0120 ea | |
| 101 | 0 | @achi |
| 102 | @aCN@b420000 | |
| 105 | @aak a 000yy | |
| 106 | @ar | |
| 200 | 1 | @a建筑工程施工组织与概预算@Ajian zhu gong cheng shi gong zu zhi yu gai yu suan@f赵玉彬主编@Fzhu bian zhao yu bin |
| 210 | @a武汉@c华中科技大学出版社@d2008.10 | |
| 215 | @a15, 249页@c图@d20cm | |
| 225 | 2 | @a建筑工程技术与管理简明问答实用丛书@Ajian zhu gong cheng ji shu yu guan li jian ming wen da shi yong cong shu |
| 320 | @a有书目 (第248-249页) | |
| 330 | @a本书包括两部分内容,第一部分是建筑施工组织设计,第二部分是建设工程概预算。 | |
| 410 | 0 | @12001 @a建筑工程技术与管理简明问答实用丛书 |
| 606 | 0 | @a建筑工程@Ajian zhu gong cheng@x施工组织@j问答 |
| 606 | 0 | @a建筑预算定额@Ajian zhu yu suan ding e@j问答 |
| 606 | 0 | @a建筑概算定额@Ajian zhu gai suan ding e@j问答 |
| 690 | @aTU721-44@v4 | |
| 701 | 0 | @a赵玉彬@Azhao yu bin@4主编 |
| 801 | 0 | @aCN@bQSSK@c20090112 |
| 905 | @b736957-59@dTU721-44@eZ340@f3 | |
| 建筑工程施工组织与概预算/赵玉彬主编.-武汉:华中科技大学出版社,2008.10 |
| 15, 249页:图;20cm.-(建筑工程技术与管理简明问答实用丛书) |
| ISBN 978-7-5609-4885-0:CNY16.00 |
| 本书包括两部分内容,第一部分是建筑施工组织设计,第二部分是建设工程概预算。 |
| ● |
| 相关链接 |
|
|
|
正题名:建筑工程施工组织与概预算
索取号:TU721-44/Z340
 
预约/预借
| 序号 | 登录号 | 条形码 | 馆藏地/架位号 | 状态 | 备注 |
| 1 | 736957 | 207369578 | 建筑库201/201建筑库 29排1列1层/ [索取号:TU721-44/Z340] | 在馆 | |
| 2 | 736958 | 207369587 | 建筑库201/201建筑库 29排1列1层/ [索取号:TU721-44/Z340] | 在馆 | |
| 3 | 736959 | 207369596 | 建筑库201/201建筑库 29排1列1层/ [索取号:TU721-44/Z340] | 在馆 |